|
|
|
|
| LEADER |
00000cam a2200000 a 4500 |
| 001 |
vtls011562987 |
| 003 |
SK-MaSNL |
| 005 |
20260425223517.0 |
| 007 |
fb a un a |
| 008 |
240318s2016 xo ff 000 0bslo |
| 015 |
|
|
|a SNBK2016
|
| 020 |
|
|
|a 9788018046951
|
| 040 |
|
|
|a SNK
|b slo
|c SNK
|e AACR2
|
| 041 |
0 |
|
|a slo
|
| 043 |
|
|
|a a-ii---
|
| 044 |
|
|
|a xo
|c SK
|
| 072 |
|
7 |
|a 27
|x Kresťanstvo. Kresťanská cirkev všeobecne. Ekleziológia
|2 konspekt
|
| 072 |
|
7 |
|a 929
|x Biografie
|2 konspekt
|
| 080 |
|
|
|a 27-76-051
|2 2001
|
| 080 |
|
|
|a (540)
|2 2001
|
| 080 |
|
|
|a (0:82-94)
|2 2001
|
| 080 |
|
|
|a (0:003.24)
|2 2001
|
| 080 |
|
|
|a 272-726.3
|2 2001
|
| 080 |
|
|
|a 27-788.437-76
|2 2001
|
| 080 |
|
|
|a 929
|2 2001
|
| 080 |
|
|
|a 272-76
|2 2001
|
| 080 |
|
|
|a 27-762
|2 2001
|
| 080 |
|
|
|a 316.728
|2 2001
|
| 080 |
|
|
|a 27-46
|2 2001
|
| 080 |
|
|
|a 27-67:233
|2 2001
|
| 100 |
1 |
|
|a Slivka, Michal,
|d 1921-2012
|4 aut
|
| 245 |
1 |
0 |
|a 40 rokov misionárom v Indii
|h Braillovo písmo
|c Michal Slivka ; [korektor: Ingrida Richterová]
|
| 246 |
3 |
|
|a Štyridsať rokov misionárom v Indii
|
| 260 |
|
|
|a Levoča
|b Slovenská knižnica pre nevidiacich Mateja Hrebendu
|c 2016
|
| 300 |
|
|
|a 4 zv. v Braillovom písme
|c 25 x 32 cm
|
| 520 |
8 |
|
|a Knižka nám približuje podivuhodný svet, o ktorom nepíše nejaký cestovateľ, ktorý pobudne niekoľko týždňov v danej krajine, ale misionár, ktorý prežil 40 rokov svojho života v nej a zrástol s ňou a s jej ľuďmi. Je to opis Indie z prvej ruky a má tú najväčšiu záruku vierohodnosti. A nielen to. Ona nesie na sebe stopy lásky a obety nášho Slováka k indickému ľudu, ktorému daroval svoje srdce, lásku, celý svoj život spolu s pokladom viery v Ježiša Krista
|
| 600 |
1 |
7 |
|a Slivka, Michal,
|d 1921-2012
|2 SNKMA
|
| 648 |
|
7 |
|a 20. stor.
|2 SNKPH
|9 275975
|
| 648 |
|
7 |
|a 20.-21. stor.
|2 SNKPH
|9 270701
|
| 650 |
0 |
7 |
|a katolícki kňazi
|2 SNKPH
|9 1290
|
| 650 |
0 |
7 |
|a kresťanskí misionári
|2 SNKPH
|9 78866
|
| 650 |
0 |
7 |
|a misijná činnosť
|2 SNKPH
|9 68660
|
| 650 |
0 |
7 |
|a pastorácia
|2 SNKPH
|9 1972
|
| 650 |
0 |
7 |
|a každodenný život
|2 SNKPH
|9 4946
|
| 650 |
0 |
7 |
|a katolícke misie
|2 SNKPH
|9 75039
|
| 650 |
0 |
7 |
|a kresťanstvo a hinduizmus
|2 SNKPH
|9 342580
|
| 650 |
0 |
7 |
|a verbisti
|2 SNKPH
|9 179218
|
| 651 |
|
7 |
|a Slovensko
|2 SNKPHgeo
|9 14231
|
| 651 |
|
7 |
|a India
|2 SNKPHgeo
|9 13358
|
| 655 |
|
7 |
|a autobiografické spomienky
|2 SNKPH
|9 70489
|
| 655 |
|
7 |
|a publikácie pre nevidiacich
|2 SNKPH
|9 70695
|
| 655 |
|
7 |
|a publikácie v Braillovom písme
|2 SNKPH
|9 222610
|
| 700 |
1 |
|
|a Richterová, Ingrida
|4 pfr
|9 303020
|
| 787 |
0 |
8 |
|i Podľa knihy:
|t 40 rokov misionárom v Indii
|d Nitra : Spoločnosť Božieho slova, 2011
|z 978-80-85223-90-3
|
| 919 |
|
|
|a 978-80-18-04695-1
|
| 958 |
|
|
|a NT
|
| 958 |
|
|
|a SX
|
| 968 |
|
|
|d 2
|
| 999 |
|
|
|c 587839
|d 589769
|
| 952 |
|
|
|a SNK
|b SNK
|y PREZ
|7 0
|p 17A1199680
|o snkOSB 18428/1
|i snk2016/17846
|8 0
|0 0
|1 0
|4 0
|d 2016-07-26
|l 0
|r 2026-02-23 15:14:43
|w 2026-02-23
|
| 952 |
|
|
|a SNK
|b SNK
|y PREZ
|7 0
|p 17A1199681
|o snkOSB 18428/2
|i snk2016/17847
|8 0
|0 0
|1 0
|4 0
|d 2016-07-26
|l 0
|r 2026-02-23 15:14:43
|w 2026-02-23
|
| 952 |
|
|
|a SNK
|b SNK
|y PREZ
|7 0
|p 17A1199682
|o snkOSB 18428/3
|i snk2016/17848
|8 0
|0 0
|1 0
|4 0
|d 2016-07-26
|l 0
|r 2026-02-23 15:14:43
|w 2026-02-23
|
| 952 |
|
|
|a SNK
|b SNK
|y PREZ
|7 0
|p 17A1199823
|o snkOSB 18428/4
|i snk2016/17849
|8 0
|0 0
|1 0
|4 0
|d 2016-07-26
|l 0
|r 2026-02-23 15:14:43
|w 2026-02-23
|